Construction dispute resolution (Record no. 107919)
[ view plain ]
| 000 -LEADER | |
|---|---|
| fixed length control field | 01395cad a22002295a 4500 |
| 001 - CONTROL NUMBER | |
| control field | L142580 |
| 008 - FIXED-LENGTH DATA ELEMENTS--GENERAL INFORMATION | |
| fixed length control field | 080225s2008 xxk f 000 0 eng d |
| 035 ## - SYSTEM CONTROL NUMBER | |
| System control number | (Sirsi) u142580 |
| 041 0# - LANGUAGE CODE | |
| Language code of text/sound track or separate title | eng |
| 050 04 - LIBRARY OF CONGRESS CALL NUMBER | |
| Classification number | 692.8 $2 18 |
| 100 1# - MAIN ENTRY--PERSONAL NAME | |
| Personal name | Savage, David |
| 245 00 - TITLE STATEMENT | |
| Title | Construction dispute resolution |
| Remainder of title | where are we now in the UK? |
| Medium | [electronic resource] |
| 260 ## - PUBLICATION, DISTRIBUTION, ETC. | |
| Place of publication, distribution, etc. | London |
| Name of publisher, distributor, etc. | RICS |
| Date of publication, distribution, etc. | 2008 |
| 520 ## - SUMMARY, ETC. | |
| Summary, etc. | Reviews the current range of dispute resolution methods available to the construction industry in the United Kingdom, in light of recent developments. Covers: the reform of the Technology and Construction Court; changes to the Construction and Engineering Pre-Action Protocol (2007); proposals for reform; arguments for and against arbitration. Finds that mediation has increased in importance over the last decade. Expects mediation to continue to increase in future, because it is one of the most effective forms of dispute resolution. |
| 521 ## - TARGET AUDIENCE NOTE | |
| Target audience note | KA |
| 650 24 - SUBJECT ADDED ENTRY--TOPICAL TERM | |
| Topical term or geographic name entry element | PRE-ACTION PROTOCOL FOR THE CONSTRUCTION AND ENGINEERING DISPUTES |
| 650 24 - SUBJECT ADDED ENTRY--TOPICAL TERM | |
| Topical term or geographic name entry element | HOUSING GRANTS, CONSTRUCTION AND REGENERATION ACT 1996 |
| 651 #4 - SUBJECT ADDED ENTRY--GEOGRAPHIC NAME | |
| Geographic name | United Kingdom |
| Chronological subdivision | |
| 690 ## - LOCAL SUBJECT ADDED ENTRY--TOPICAL TERM (OCLC, RLIN) | |
| Topical term or geographic name as entry element | MANAGEMENT-DISPUTE AVOIDANCE, MANAGEMENT AND RESOLUTION-DISPUTE MANAGEMENT AND RESOLUTION |
| 856 41 - ELECTRONIC LOCATION AND ACCESS | |
| Uniform Resource Identifier | <a href="https://www.rics.org/RICSWEB/getpage.aspx?p=-eBIcaa_bEy7SLM5a0aZSg ">https://www.rics.org/RICSWEB/getpage.aspx?p=-eBIcaa_bEy7SLM5a0aZSg </a> |
| Hours access method available | View the document free of charge at www.rics.org... |
| 942 ## - ADDED ENTRY ELEMENTS (KOHA) | |
| Suppress in OPAC | 0 |
| Withdrawn status | Lost status | Source of classification or shelving scheme | Damaged status | Not for loan | Home library | Current library | Shelving location | Date acquired | Total Checkouts | Full call number | Barcode | Date last seen | Copy number | Price effective from | Koha item type |
|---|---|---|---|---|---|---|---|---|---|---|---|---|---|---|---|
| Dewey Decimal Classification | Virtual | Virtual | Online | 25/02/2008 | ONLINE PUBLICATION | 142580-1001 | 06/08/2019 | 1 | 06/08/2019 | Book |